El capital: conceptos fundamentales / Marta Harnecker (Registro nro. 3196)

Detalles MARC
000 -LEADER
fixed length control field 00494nam a22001931a 4500
001 - CONTROL NUMBER
control field 3196
003 - CONTROL NUMBER IDENTIFIER
control field OSt
005 - DATE AND TIME OF LATEST TRANSACTION
control field 20260204211841.0
008 - FIXED-LENGTH DATA ELEMENTS--GENERAL INFORMATION
fixed length control field 040719s1971||||xxu||||||b||||||||||spa||
050 ## - LIBRARY OF CONGRESS CALL NUMBER
Classification number 332.041 H229c
082 ## - DEWEY DECIMAL CLASSIFICATION NUMBER
Classification number 332.041 H229c
100 ## - ASIENTO PRINCIPAL -- NOMBRE PERSONAL
Personal name Harnecker, Marta
245 ## - TÍTULO PROPIAMENTE DICHO: SUBTÍTULO
Title El capital: conceptos fundamentales / Marta Harnecker
250 ## - MENCIÓN DE EDICIÓN
Edition statement 2
264 ## - PRODUCTION, PUBLICATION, DISTRIBUTION, MANUFACTURE, AND COPYRIGHT NOTICE
Place of production, publication, distribution, manufacture Estados Unidos de América : Universitaria
300 ## - PHYSICAL DESCRIPTION
Extensión 224 p
650 ## - ASIENTO SECUNDARIO DE MATERIA -- TERMINO TEMÁTICO
Termino Temático Como Elemento de Entrada 1.Capital 2.EconomíaÌ
942 ## - ADDED ENTRY ELEMENTS (KOHA)
Source of classification or shelving scheme Dewey Decimal Classification
Koha item type Libros
Existencias
Withdrawn status Lost status Source of classification or shelving scheme Damaged status Not for loan Current library Date acquired Total Checkouts Full call number Barcode Date last seen Price effective from Koha item type
    Dewey Decimal Classification     Biblioteca UTECO 09/09/2019   332.041 H229C 005365 09/09/2019 09/09/2019 Libros
© 2021 Derechos Reservados UTECO - Teléfono: +1 809-585-2291 - Correo electrónico: biblioteca@uteco.edu.do​  
Código postal 43000 ​​
Dirección: Avenida Universitaria No. 100, 
Cotuí, Provincia Sánchez Ramírez, República Dominicana - RNC: 404-00059-6